000 00392nam a2200145Ia 4500
008 231129s1997||||xx |||||||||||||| ||spa||
020 _a84-204-8263-3
040 _bspa
082 _aPe863 V297cu
100 _aVargas Llosa Mario
245 0 _aLos cuadernos de don Rigoberto
260 _c1997
264 _aSantillana ; Alfaguara
942 _2ddc
_cBKS
999 _c19582
_d19582